Sostenibilidad, seguridad y eficiencia en la cadena productiva del PVC : un enfoque computacional /

সংরক্ষণ করুন:
গ্রন্থ-পঞ্জীর বিবরন
প্রধান লেখক: González-Delgado, Miguel (autor.)
অন্যান্য লেখক: Ramos Olmos, Miguel (autor.), Aguilar Vásquez, Eduardo Andrés (autor.)
বিন্যাস: বৈদ্যুতিন গ্রন্থ
ভাষা:স্প্যানিশ
প্রকাশিত: Cartagena : Editorial Universidad de Cartagena, 2025.
বিষয়গুলি:
অনলাইন ব্যবহার করুন:https://elibro.unach.elogim.com/es/lc/unach/titulos/289704
ট্যাগগুলো: ট্যাগ যুক্ত করুন
কোনো ট্যাগ নেই, প্রথমজন হিসাবে ট্যাগ করুন!

MARC

LEADER 00000nam a2200000 i 4500
001 ELB289704
003 FINmELB
005 20251222121458.0
006 m o u
007 cr cn|||||||||
008 251222s2025 ck ob 000 0 spa d
020 |z 9786287798120 
035 |a (OCoLC)1564682578 
040 |a FINmELB  |b spa  |e rda  |c FINmELB 
050 1 4 |a TP1180.V48  |b R175 2025 
080 |a 678.743 
082 0 4 |a 668.4237  |2 23 
100 1 |a González-Delgado, Miguel,  |e autor. 
245 1 0 |a Sostenibilidad, seguridad y eficiencia en la cadena productiva del PVC :  |b un enfoque computacional /  |c autores Ángel Darío González-Delgado, Miguel Ramos Olmos, Eduardo Andrés Aguilar Vásquez. 
264 1 |a Cartagena :  |b Editorial Universidad de Cartagena,  |c 2025. 
300 |a 1 recurso en línea (229 páginas) 
336 |a texto  |b txt  |2 rdamedia/spa 
337 |a computadora  |b c  |2 rdamedia/spa 
338 |a recurso en línea  |b cr  |2 rdacarrier/spa 
504 |a Contiene bibliografía. 
588 |a Descripción basada en metadatos suministrados por el editor y otras fuentes. 
590 |a Recurso electrónico. Santa Fe, Arg.: elibro, 2025. Disponible vía World Wide Web. El acceso puede estar limitado para las bibliotecas afiliadas a elibro. 
650 4 |a Policloruro de vinilo (PVC) 
650 4 |a Seguridad industrial. 
655 4 |a Libros electrónicos. 
700 1 |a Ramos Olmos, Miguel,  |e autor. 
700 1 |a Aguilar Vásquez, Eduardo Andrés,  |e autor. 
797 2 |a elibro, Corp. 
856 4 0 |u https://elibro.unach.elogim.com/es/lc/unach/titulos/289704